Land readjustment as a global land tool (Record no. 106883)
[ view plain ]
| 000 -LEADER | |
|---|---|
| fixed length control field | 01300cad a22002535a 4500 |
| 001 - CONTROL NUMBER | |
| control field | L137719 |
| 008 - FIXED-LENGTH DATA ELEMENTS--GENERAL INFORMATION | |
| fixed length control field | 070425e20070412xxkbo f 000 0 eng d |
| 035 ## - SYSTEM CONTROL NUMBER | |
| System control number | (Sirsi) u137719 |
| 041 0# - LANGUAGE CODE | |
| Language code of text/sound track or separate title | eng |
| 050 04 - LIBRARY OF CONGRESS CALL NUMBER | |
| Classification number | 711.40956 $2 22 |
| 100 1# - MAIN ENTRY--PERSONAL NAME | |
| Personal name | Home, Rob |
| 245 00 - TITLE STATEMENT | |
| Title | Land readjustment as a global land tool |
| Remainder of title | focus on the Middle East |
| Medium | [electronic resource] |
| 260 ## - PUBLICATION, DISTRIBUTION, ETC. | |
| Place of publication, distribution, etc. | London |
| Name of publisher, distributor, etc. | RICS |
| Date of publication, distribution, etc. | 2007 |
| 490 #0 - SERIES STATEMENT | |
| Series statement | RICS Findings in Built and Rural Environments |
| 520 ## - SUMMARY, ETC. | |
| Summary, etc. | Provides a background to land readjustment in order to raise awareness of its possibilities in the English-speaking world. Explains that the informal and organic growth of cities is that they periodically require radical change to their physical structures. Argues that the means by which land can be reassembled for urban development has become a worldwide need. Uses examples in the Middle East to illustrate its arguments. |
| 590 ## - LOCAL NOTE (RLIN) | |
| Local note | KA |
| 610 24 - SUBJECT ADDED ENTRY--CORPORATE NAME | |
| Corporate name or jurisdiction name as entry element | LONDON DOCKLANDS DEVELOPMENT CORPORATION |
| 650 24 - SUBJECT ADDED ENTRY--TOPICAL TERM | |
| Topical term or geographic name entry element | PLANNING AND COMPULSORY PURCHASE ACT 2004 |
| 650 24 - SUBJECT ADDED ENTRY--TOPICAL TERM | |
| Topical term or geographic name entry element | 1921 TOWN PLANNING ORDINANCE LAND READJUSTMENT PROVISIONS |
| 651 #4 - SUBJECT ADDED ENTRY--GEOGRAPHIC NAME | |
| Geographic name | International |
| 690 ## - LOCAL SUBJECT ADDED ENTRY--TOPICAL TERM (OCLC, RLIN) | |
| Topical term or geographic name as entry element | PROPERTY-PROPERTY DEVELOPMENT |
| 856 40 - ELECTRONIC LOCATION AND ACCESS | |
| Uniform Resource Identifier | <a href="https://www.rics.org/site/scripts/download_info.aspx?downloadID=3134">https://www.rics.org/site/scripts/download_info.aspx?downloadID=3134</a> |
| Public note | Broken link - not available |
| 942 ## - ADDED ENTRY ELEMENTS (KOHA) | |
| Suppress in OPAC | 0 |
| Withdrawn status | Lost status | Source of classification or shelving scheme | Damaged status | Not for loan | Home library | Current library | Shelving location | Date acquired | Total Checkouts | Full call number | Barcode | Date last seen | Copy number | Price effective from | Koha item type |
|---|---|---|---|---|---|---|---|---|---|---|---|---|---|---|---|
| Dewey Decimal Classification | Virtual | Virtual | Online | 25/04/2007 | ONLINE PUBLICATION | 137719-2001 | 06/08/2019 | 1 | 06/08/2019 | Book |